000 00602nam a22001937a 4500
999 _c9358
_d9358
008 210408b ||||| |||| 00| 0 eng d
040 _aBMS College of Architecture
100 _aAkhila, K
245 _aModerating urban floods- A case of Hyderabad
300 _aNA
500 _a1BM15AHD02
502 _8M,Arch (Dissertation)
_NBMS College of Architecture, Visvesvaraya Technological University
_aDissertation
_d2017
650 _aUrban
650 _aHyderabad
700 _aMamatha P Raj
_eGuide
700 _aSadashiv Chakravarthy
_eGuide
700 _aRachanasuraj
_eGuide
942 _2ddc
_cPGTHE